000 00923nac a22002777a 4500
001 BR9404429
003 BR-BrBNA
005 20240105121553.0
008 230509b bl.|||m| |||| 00| 0 por d
040 _aBR-BrBNA
_bpor
_cBiblioteca Nacional de Agricultura
072 _aE70; E11
090 _aE70 BR9404429
110 1 _aSecretaria de Agricultura e Reforma Agraria, Fortaleza, CE (Brasil)
_98664
245 1 _aRelatorio anual das atividades realizadas pelo Sistema Estadual de Agricultura (SEA), (SEARA e Vinculadas)
260 3 _aFortaleza, CE (Brasil):
_c1990.
300 _a44 p.
490 _aRelatorio - Secretaria de Agricultura e Reforma Agraria (Brazil)
_v
_x
500 _a17 ref.
650 _aProducao Animal
650 _aComercializacao
650 _aAbastecimento
650 _aReforma Agraria
650 _aCeara
909 _a202312
_bLúcia Elande
_c55
_dLúcia Elande
942 _2AGRIS
_n0
_cMS
999 _c286080
_d286080